MARC
LEADER
00000nam2a2200000 4500
001
144902
005
20231031143852.0
010
|a 9785902758624
035
|a (RuTPU)RU\TPU\book\157054
035
|a RU\TPU\book\157051
090
|a 144902
100
|a 20081009d2006 k y0rusy50 ca
101
0
|a rus
102
|a RU
105
|a a z 000zy
200
0
|a Т. 11: 1984-1987
210
|d 2006
215
|a 380 с.
|c ил.
461
1
|0 (RuTPU)RU\TPU\book\132272
|y 978-5-902758-01-3
|t Нобелевская премия. Физиология и медицина
|v Т. 11: 1984-1987
|d 2006
|s Нобелевские лекции - 100 лет
610
1
|a медицина
610
1
|a физиология
610
1
|a ученые звания
610
1
|a Нобелевская премия
610
1
|a Нобелевские лауреаты
610
1
|a нобелевские лекции
610
1
|a история
610
1
|a 20 век
610
1
|a автобиографии
610
1
|a биографии
610
1
|a персоналии
675
|a 61(09)
|v 3
686
|a Ч216(0)27
|2 rubbk
801
1
|a RU
|b 63413507
|c 20080213
|g PSBO
801
2
|a RU
|b 63413507
|c 20220902
|g PSBO
942
|c BK